Biggest villages and towns of Andorra - Statistics

General Stats
  • This quiz has been taken 7 times
  • The average score is 4 of 16
Answer Stats
Parròquia Population Town % Correct
Andorra la Vella 21.496 Andorra la Vella
100%
Encamp 8817 Encamp
60%
Escaldes-Engordany 16.162 Escaldes-Engordany
60%
Canillo 2623 Canillo
40%
La Massana 6300 La Massana
40%
Ordino 3378 Ordino
40%
Sant Julià de Lorià 8312 Sant Julià de Lorià
40%
Encamp 2284 El Pas de la Casa
20%
Sant Julià de Lorià 1095 Aixirivall
0%
La Massana 1053 Anyós
0%
La Massana 2210 Arinsal
0%
Canillo 1257 El Tarter
0%
Ordino 1003 La Cortinada
0%
Encamp 1199 Les Bons
0%
Andorra la Vella 3340 Santa Coloma d'Andorra
0%
Encamp 1220 Vila
0%
No matching quizzes found
Score Distribution
Percent of People with Each Score
Percentile by Number Answered
Your Score History
You have not taken this quiz